00680nam a2200205Ia 4500003000400000005001700004008004100021020001800062040001800080041000800098082001900106100001900125245012900144250001200273260004400285300002800329650005500357650001500412650004700427OSt20251213104437.0210716s2018 xx 000 0 und d a9781788297233 cAIMIT LIBRARY aeng a005.763 bPOWB aPowell, Brett. aMastering microsoft power BI: bexpert techniques for effective data analytics and business intelligence /cBy Brett Powell. a1st ed. aMumbai :bPackt Publishing Ltd ,c2018. ax,619 p.;bPBc24.5 cm. aConnecting to sources and transforming data with M aData model aDeveloping DAX measures and security roles